The Doctor and Mrs A.: (Record no. 190247)

MARC details
000 -LEADER
fixed length control field 00612nam a22001817a 4500
005 - DATE AND TIME OF LATEST TRANSACTION
control field 20220721111636.0
010 ## - LCCN (DPL NO)
LC control number ENG-133760
020 ## - INTERNATIONAL STANDARD BOOK NUMBER
Terms of availability 675.00
International Standard Book Number 9789385606212
035 ## - SYSTEM CONTROL NUMBER
System control number EN-117292
037 ## - SOURCE OF ACQUISITION
Source of stock number/acquisition DBAD/PUB
082 ## - DEWEY DECIMAL CLASSIFICATION NUMBER
Classification number 150.1950954
100 ## - MAIN ENTRY--PERSONAL NAME
Personal name Pinto, Sarah
245 ## - TITLE STATEMENT
Title The Doctor and Mrs A.:
Remainder of title Ethics and Counter-Ethics in an Indian Dream Analysis/
Statement of responsibility, etc Sarah Pinto
260 ## - PUBLICATION, DISTRIBUTION, ETC. (IMPRINT)
Place of publication, distribution, etc New Delhi
Name of publisher, distributor, etc Women Unlimited
Date of publication, distribution, etc 2019
270 ## - ADDRESS
Address 7/10,First Floor, Sarvapriya Vihar
City New Delhi
Postal code 110016
300 ## - PHYSICAL DESCRIPTION
Extent 235p.
Dimensions 22cm(hbk)
Other physical details Postscript, Acknowledgements
942 ## - ADDED ENTRY ELEMENTS (KOHA)
Source of classification or shelving scheme Dewey Decimal Classification
Item type English Books
Classification part 150.1950954
Call number suffix PIN
Holdings
Withdrawn status Lost status Not for loan Collection code Home library Current library Date acquired Source of acquisition Cost, normal purchase price Full call number Barcode Copy number Cost, replacement price Koha item type
      Non-fiction Bawana Bawana 21/07/2022 DBAD/PUB 675.00 150.1950954 PIN EN-117292 1 675.00 English Books

© Delhi Public Library
Hit Counter
free hit counter